00648cam a22002055a 450000500170000000800410001701000140005802000260007203500130009803700130011104000130012408200110013724500600014826000510020827000580025930000300031750000410034752000260038865000280041420091103014612.0090911s2009 ii ab b 100 0 eng d aENG-95323 a9788131305737c695.00 aEN-78856 aDBAD/PUB aDPLbeng a664.02 aFood grain process technologycby C.S. Riar ...[et.al.] aNew Delhi :bAPH Publishing Corporationc2009. a4435-36/7. Ansari road, Darya GanjbNew Delhie110002 axi, 219 p. :c22 cm. (Hb) aIncludes bibliographical references  aContributed articles. aFood industry and trade